[Event "Jonquiere Interclubs Saguenay"]
[Site "Jonquiere"]
[Date "1992.01.18"]
[Round "2"]
[White "Ferris, Pierre"]
[Black "Larouche, Benoit"]
[Result "0-1"]
[WhiteElo "1522"]
[BlackElo "1726"]
[PlyCount "54"]
[EventDate "1992.01.18"]
[EventType "team-swiss"]
[EventRounds "4"]
[EventCountry "CAN"]
[SourceTitle "EXT 2022"]
[Source "ChessBase"]
[SourceDate "2021.10.06"]
[SourceVersion "1"]
[SourceVersionDate "2021.10.06"]
[SourceQuality "1"]

1. e4 c5 2. Nf3 d6 3. d4 cxd4 4. Nxd4 Nf6 5. Nc3 a6 6. Bg5 e5 7. Nf3 Be6 8. Be2 Be7 9. 0-0 Nbd7 10. Re1 Qc7 11. Qd2 Rc8 12. Rad1 b5 13. a3 Qc6 14. Bxf6 gxf6 15. Bf1 Nb6 16. Re3 Bc4 17. b3 Be6 18. Bd3 Rg8 19. Ne2 d5 20. exd5 Bxd5 21. Bf5 Bxf3 22. Rxf3 Qxf3 23. Bd7+ Kf8 24. Ng3 Qb7 25. Qh6+ Rg7 26. Bxc8 Nxc8 27. Kh1 Kg8 0-1